Central Library OPAC University of Rajshahi

Distribution theory and transform analysis : (Record no. 6876)

MARC details
000 -LEADER
fixed length control field 00898nam a2200253 a 4500
001 - CONTROL NUMBER
control field 6876
003 - CONTROL NUMBER IDENTIFIER
rucl marc code BD-RjUL
005 - DATE AND TIME OF LATEST TRANSACTION
control field 20211208234329.0
008 - FIXED-LENGTH DATA ELEMENTS--GENERAL INFORMATION
fixed length control field 170503s1965 nyu b 001 0 eng d
035 ## - SYSTEM CONTROL NUMBER
System control number (BD-RjUL)6918
040 ## - CATALOGING SOURCE
Original cataloging agency DLC/ICU
Transcribing agency ICU
Modifying agency BD-RjUL
Language of cataloging eng
041 ## - LANGUAGE CODE
Language code of text/sound track or separate title eng
082 00 - DEWEY DECIMAL CLASSIFICATION NUMBER
Classification number 515.782
Author mark and year ZED 1965
Edition number 23
100 1# - MAIN ENTRY--PERSONAL NAME
Personal name Zemanian, A. H.
Fuller form of name (Armen H.)
9 (RLIN) 21595
245 10 - TITLE STATEMENT
Title Distribution theory and transform analysis :
Remainder of title an introduction to generalized functions, with applications /
Statement of responsibility, etc. A.H. Zemanian.
260 ## - PUBLICATION, DISTRIBUTION, ETC. (IMPRINT)
Place of publication, distribution, etc. New York :
Name of publisher, distributor, etc. McGraw-Hill ,
Date of publication, distribution, etc. c1965
300 ## - PHYSICAL DESCRIPTION
Pagination xiii, 371 p. ;
Size 23 cm.
504 ## - BIBLIOGRAPHY, ETC. NOTE
Bibliography, etc Includes bibliography and index.
650 #0 - SUBJECT ADDED ENTRY--TOPICAL TERM
Topical term or geographic name as entry element Distribution theory
9 (RLIN) 20671
Topical term or geographic name as entry element Theory of distributions (Functional analysis)
9 (RLIN) 151324
Topical term or geographic name as entry element Transformations (Mathematics)
9 (RLIN) 20245
942 ## - ADDED ENTRY ELEMENTS (KOHA)
Source of classification or shelving scheme Dewey Decimal Classification
Koha item type Books
Holdings
Lost status Source of classification or shelving scheme Damaged status Not for loan Collection code Permanent Location Current Location Shelving location Date acquired Source of acquisition Cost, normal purchase price Total Checkouts Full call number Date last seen Copy number Koha item type
  Dewey Decimal Classification     Non-fiction Central Library, University of Rajshahi Central Library, University of Rajshahi   07/12/1968 Zeitlinger 128.60   515.782 ZED 1965 12/01/2014 C-2 Books
  Dewey Decimal Classification   Not For Loan Non-fiction Central Library, University of Rajshahi Central Library, University of Rajshahi Reading Room 07/12/1968 Zeitlinger 128.00   515.782 ZAD 1965 13/04/2017 C-1 Books